|
|
|
|
| LEADER |
00000naa2a2200000 4500 |
| 001 |
216647 |
| 005 |
20240614111617.0 |
| 035 |
|
|
|a (RuTPU)RU\TPU\book\236619
|
| 035 |
|
|
|a RU\TPU\book\236611
|
| 090 |
|
|
|a 216647
|
| 100 |
|
|
|a 20120528d2002 k y0rusy50 ca
|
| 101 |
0 |
|
|a rus
|
| 102 |
|
|
|a RU
|
| 200 |
1 |
|
|a Quality system in educational institution: practice and perspectives
|f A. I. Chuchalin [et al.]
|
| 463 |
|
1 |
|0 46233
|t Проблемы и практика инженерного образования. Международная аккредитация образовательных программ
|d 2002
|p 123 с.
|9 46233
|a 5 Проблемы и практика инженерного образования "Международная аккредитация образовательных программ", Международная научно-практическая конференция (2002 - Томск)
|c Томск
|n Изд-во ТПУ
|o труды V Международной научно-практической конференции, Томск, 24-26 мая 2002 г.
|v С. 77
|
| 610 |
1 |
|
|a труды учёных ТПУ
|
| 701 |
|
1 |
|a Chuchalin
|b A. I.
|c Doctor of technical sciences, Professor of Tomsk Polytechnic University
|c Vice-rector for Academic and International Affairs
|f 1952-
|g Alexander Ivanovich
|3 (RuTPU)RU\TPU\pers\30123
|
| 701 |
|
1 |
|a Ruzaev
|b E. N.
|
| 701 |
|
1 |
|a Mogilnitski
|b S. B.
|
| 701 |
|
1 |
|a Valter
|b S. B.
|
| 701 |
|
1 |
|a Sveshnikov
|b M. A.
|
| 801 |
|
1 |
|a RU
|b 63413507
|c 20120528
|
| 801 |
|
2 |
|a RU
|b 63413507
|c 20121114
|g RCR
|
| 942 |
|
|
|c BK
|